Central Library OPAC University of Rajshahi

Biophysical chemistry : (Record no. 11706)

MARC details
000 -LEADER
fixed length control field 01112cam a2200313 i 4500
001 - CONTROL NUMBER
control field 11706
003 - CONTROL NUMBER IDENTIFIER
rucl marc code BD-RjUL
005 - DATE AND TIME OF LATEST TRANSACTION
control field 20211208235153.0
008 - FIXED-LENGTH DATA ELEMENTS--GENERAL INFORMATION
fixed length control field 140127s1975 caua b 001 0 eng
020 ## - INTERNATIONAL STANDARD BOOK NUMBER
International Standard Book Number 0716705133.
-- 0716705125
035 ## - SYSTEM CONTROL NUMBER
System control number (BD-RjUL)11755
040 ## - CATALOGING SOURCE
Original cataloging agency DLC
Transcribing agency DLC
Modifying agency DLC
-- BD-RjUL
Language of cataloging eng
041 ## - LANGUAGE CODE
Language code of text/sound track or separate title eng
060 ## - NATIONAL LIBRARY OF MEDICINE CALL NUMBER
Classification number QU4 B617
082 00 - DEWEY DECIMAL CLASSIFICATION NUMBER
Classification number 572
Author mark and year BIO 1975
Edition number 23
245 00 - TITLE STATEMENT
Title Biophysical chemistry :
Remainder of title physical chemistry in the biological sciences : readings from Scientific American, with introductions /
Statement of responsibility, etc. by Victor A. Bloomfield and Rodney E. Harrington.
260 ## - PUBLICATION, DISTRIBUTION, ETC. (IMPRINT)
Place of publication, distribution, etc. San Francisco :
Name of publisher, distributor, etc. W. H. Freeman,
Date of publication, distribution, etc. c1975
300 ## - PHYSICAL DESCRIPTION
Pagination vi, 231 p. :
Illustrations ill. ;
Size 29 cm.
504 ## - BIBLIOGRAPHY, ETC. NOTE
Bibliography, etc Bibliography: p [223]-226 & Includes indexes..
650 #0 - SUBJECT ADDED ENTRY--TOPICAL TERM
Topical term or geographic name as entry element Biochemistry.
9 (RLIN) 36214
Topical term or geographic name as entry element Chemistry, Physical and theoretical.
9 (RLIN) 36215
Topical term or geographic name as entry element Biochemistry
General subdivision Collected works.
9 (RLIN) 36216
Topical term or geographic name as entry element Chemistry, Physical
General subdivision Collected works.
9 (RLIN) 36217
700 1# - ADDED ENTRY--PERSONAL NAME
Personal name Bloomfield, Victor A.
Personal name Harrington, Rodney E.
942 ## - ADDED ENTRY ELEMENTS (KOHA)
Source of classification or shelving scheme Dewey Decimal Classification
Koha item type Books
Holdings
Lost status Source of classification or shelving scheme Damaged status Not for loan Collection code Permanent Location Current Location Shelving location Date acquired Source of acquisition Cost, normal purchase price Total Checkouts Full call number Date last seen Copy number Koha item type
  Dewey Decimal Classification     Non-fiction Central Library, University of Rajshahi Central Library, University of Rajshahi   16/10/1984 Toppan Tulip 9.90   572 BIO 1975 27/01/2014 C-2 Books
  Dewey Decimal Classification   Not For Loan Non-fiction Central Library, University of Rajshahi Central Library, University of Rajshahi Reading Room 16/10/1984 Tappan co. sing 9.90   572 BIO 1975 20/05/2017 C-1 Books
  Dewey Decimal Classification     Non-fiction Central Library, University of Rajshahi Central Library, University of Rajshahi   16/10/1984 Tulip Ent. 9.90   572 BIO 1975 26/11/2018 C-3 Books